000 00553nam a22002057a 4500
003 OSt
005 20150302150133.0
008 150302b xxu||||| |||| 00| 0 eng d
020 _a072341888
040 _cDNLM
082 _aWI 420 13 1998
100 _aAllison M C
_93066
245 _aInflammatory Bowel Diseases /
_cM C Allison, [et...al]
260 _aLondon :
_bMosby;
_c1998.
300 _avi,186p:
_bcol.ill;
_c29 cm.
504 _aincludes index
650 _abowel diseases
_93067
700 _aDhillon A P, [et..al]
_93068
942 _2z
_cSLOAN
999 _c1124
_d1124